=LDR 00000nam 2200000 4500 =001 INLIS000000000048035 =005 20160404113020.0 =006 =007 =008 =035 ##$$0010-041600000000016 =082 ##$$a 614.599 3 =090 ##$$a 614.599 3 $b Chr s =100 ##$$a Chrysostomos =245 ##$$a So Heilst Du Dic Von Krebs AIDS Rheuma Chronischen Deiden Und Suchtkrankheiten gisund Dureh, Urmedizin / Chrysostomos =260 ##$$a S.L : $b S.n , $c =300 ##$$a 026 hlm . : $b ilus . ; $c 21 cm =650 ##$$a AIDS (Penyakit) =990 ##$$a 0001/BPAP-NTB/2016